=LDR 00000nam 2200000 4500 =001 INLIS000000000019935 =005 20140510145136.0 =006 =007 =008 Ind =035 ##$$a 0010-061300000019935 =041 ##$$a Ind =082 ##$$a 570.7 =090 ##$$a 570.7, Mat m =245 ##$$a Matematika untuk kelas XI Program ilmu sosial dan bahasa kelas 2 SMA, penyususn, Rusdy A. Siroj...[et.al] =260 ##$$a 2005 $b Semarang =300 ##$$a vi, 198 hlm, ilus, 25 cm =650 ##$$a Matematika-tudi Program =850 ##$$a NBPNMAT =990 ##$$a 63566356 =990 ##$$a 01201806356 =990 ##$$a 21196857/BPAP-NTB/2014